000
00216nam a2200109Ia 4500
100
_a
Slides
942
_c
BK
654
_a
nuts
245
_a
Slide Chart F3 :Nuts
260
_b
Slide o chart
_a
Pune
546
_a
ENGLISH
999
_c
29157
_d
29157